Statystyki dla Medaliści Mistrzostw Europy

Kliknij tutaj aby rozwiązać quiz!

Ogólne statystyki

  • Ten quiz został rozwiązany 27 razy
  • Średni wynik to 12 z 17

Statystyki odpowiedzi

ReprezentacjaMistrzWicemistrz3 Mejsce% Poprawnych
RFN/Niemcy333
100%
Hiszpania311
96%
Francja211
88%
Włochy221
88%
ZSRR/Rosja132
81%
Portugalia113
77%
Anglia012
73%
Grecja100
73%
Holandia104
73%
Dania102
69%
Węgry001
69%
Belgia011
65%
Czechosłowacja/Czechy113
65%
Jugosławia020
65%
Szwecja001
58%
Turcja001
50%
Walia001
46%

Rozkład punktacji

Percentyl według liczby udzielonych odpowiedzi

Procent ludzi z każdym wynikiem

Twoja historia wyników

Nie rozwiązałeś tego quizu